| 000 | 00713nam a22002297a 4500 | ||
|---|---|---|---|
| 005 | 20170124110050.0 | ||
| 010 | _aA-486647 | ||
| 020 |
_c00.00 _a8185221103 |
||
| 035 | _aA-486647 | ||
| 037 | _bCen Lib/Ret | ||
| 040 |
_aDPL _bEN |
||
| 082 |
_a658 _bGOV |
||
| 100 |
_aGovil, Sanjay Kumar _925300 |
||
| 245 |
_aManagement of small scale business : _cby Sanjay Kumar Govil _bsmall business management / |
||
| 260 |
_aBareilly _bV. K. Publishing House _c1992 |
||
| 270 |
_a10, Subhash Market _bBareilly |
||
| 300 |
_a321p. : _c20cm(Hb) _bill. |
||
| 500 | _aIncludes bibliography | ||
| 650 |
_aSmall business--Finance _925301 |
||
| 650 |
_aSmall business _925302 |
||
| 942 |
_2ddc _cEN _h658 _mGOV |
||
| 999 |
_c129072 _d129072 |
||